[Event "Belgrade-chT Quality"]
[Site "Belgrade"]
[Date "2022.10.03"]
[Round "3.5"]
[White "Stojkovic, Nenad P"]
[Black "Djordjevic, Bozidar M"]
[Result "1/2-1/2"]
[WhiteElo "2045"]
[BlackElo "2027"]
[PlyCount "30"]
[EventDate "2022.10.01"]
[EventType "team-tourn"]
[EventRounds "11"]
[EventCountry "SRB"]
[SourceTitle "CBM 210 Extra"]
[Source "ChessBase"]
[SourceDate "2022.11.30"]
[SourceVersion "1"]
[SourceVersionDate "2022.11.30"]
[SourceQuality "1"]
[WhiteTeam "Belgrade Banjica"]
[BlackTeam "Belgrade Mirijevo"]
[WhiteTeamCountry "SRB"]
[BlackTeamCountry "SRB"]

1. d4 d5 2. Nf3 Nf6 3. g3 e6 4. Bg2 c5 5. 0-0 Nc6 6. b3 Be7 7. Bb2 0-0 8. Nbd2 h6 9. e3 Qc7 10. c4 cxd4 11. Nxd4 Nxd4 12. Bxd4 e5 13. Bb2 Rd8 14. cxd5 Nxd5 15. Rc1 Qb8 1/2-1/2

[Event "Belgrade-chT Quality"]
[Site "Belgrade"]
[Date "2022.10.01"]
[Round "1.4"]
[White "Stojanovic, Zoran H"]
[Black "Stojkovic, Nenad P"]
[Result "0-1"]
[WhiteElo "2046"]
[BlackElo "2045"]
[PlyCount "46"]
[EventDate "2022.10.01"]
[EventType "team-tourn"]
[EventRounds "11"]
[EventCountry "SRB"]
[SourceTitle "CBM 210 Extra"]
[Source "ChessBase"]
[SourceDate "2022.11.30"]
[SourceVersion "1"]
[SourceVersionDate "2022.11.30"]
[SourceQuality "1"]
[WhiteTeam "Belgrade Partizan"]
[BlackTeam "Belgrade Banjica"]
[WhiteTeamCountry "SRB"]
[BlackTeamCountry "SRB"]

1. e4 c5 2. Nf3 g6 3. d4 cxd4 4. Qxd4 Nf6 5. e5 Nc6 6. Qh4 Nxe5 7. Nxe5 Qa5+ 8. Nc3 Qxe5+ 9. Be3 Bg7 10. 0-0-0 0-0 11. Be2 Qa5 12. Bh6 d6 13. Bxg7 Kxg7 14. g4 Be6 15. g5 Nd7 16. Rd4 Rfc8 17. Qh6+ Kg8 18. Rh4 Nf8 19. Ne4 Qe5 20. Ng3 Bf5 21. Nxf5 Qxf5 22. Bc4 Rxc4 23. Rxc4 Qd5 0-1

[Event "Belgrade Trophy 34th"]
[Site "Belgrade"]
[Date "2020.11.28"]
[Round "5"]
[White "Katic, Goran"]
[Black "Stojkovic, Nenad P"]
[Result "1-0"]
[WhiteElo "1984"]
[BlackElo "2104"]
[PlyCount "32"]
[EventDate "2020.11.24"]
[EventType "swiss"]
[EventRounds "9"]
[EventCountry "SRB"]
[SourceTitle "CBM 199 Extra"]
[Source "ChessBase"]
[SourceDate "2021.01.31"]
[SourceVersion "1"]
[SourceVersionDate "2021.01.31"]
[SourceQuality "1"]

1. e4 c5 2. c3 Nf6 3. e5 Nd5 4. Na3 g6 5. Nf3 Bg7 6. Bc4 Nb6 7. Bb3 0-0 8. 0-0 d6 9. exd6 Qxd6 10. d4 Na6 11. dxc5 Qxc5 12. Be3 Qc7 13. Ng5 e6 14. Qf3 h6 15. Ne4 Nd7 16. Qh3 Qe5 1-0

[Event "Belgrade Trophy 34th"]
[Site "Belgrade"]
[Date "2020.11.27"]
[Round "4"]
[White "Stojkovic, Nenad P"]
[Black "Zubic, Aleksandar"]
[Result "1-0"]
[WhiteElo "2104"]
[BlackElo "1905"]
[PlyCount "83"]
[EventDate "2020.11.24"]
[EventType "swiss"]
[EventRounds "9"]
[EventCountry "SRB"]
[SourceTitle "CBM 199 Extra"]
[Source "ChessBase"]
[SourceDate "2021.01.31"]
[SourceVersion "1"]
[SourceVersionDate "2021.01.31"]
[SourceQuality "1"]

1. d4 d5 2. Nf3 Nf6 3. g3 e6 4. c4 Nbd7 5. Bg2 Bd6 6. Nbd2 0-0 7. 0-0 b6 8. b3 Bb7 9. Bb2 c5 10. e3 Qc7 11. Rc1 Rac8 12. b4 Qb8 13. b5 Rfd8 14. Qe2 h6 15. a4 Ne4 16. cxd5 exd5 17. Nxe4 dxe4 18. Nd2 Re8 19. Nc4 Be7 20. Bh3 Rcd8 21. Bxd7 Rxd7 22. dxc5 Bxc5 23. Bxg7 Re6 24. Bxh6 Qe8 25. Bf4 f6 26. Qg4+ Kf7 27. h4 Rd5 28. Rcd1 Qg8 29. Qxg8+ Kxg8 30. Rxd5 Bxd5 31. Rc1 Re8 32. Kg2 Rd8 33. Rd1 Rd7 34. Rd2 Kf8 35. Bd6+ Kf7 36. Rxd5 Ke6 37. Rd2 Bxd6 38. Rxd6+ Rxd6 39. Nxd6 Kxd6 40. g4 Ke5 41. h5 f5 42. g5 1-0

[Event "Belgrade Trophy 34th"]
[Site "Belgrade"]
[Date "2020.11.26"]
[Round "3"]
[White "Spanton, Timothy"]
[Black "Stojkovic, Nenad P"]
[Result "0-1"]
[WhiteElo "1831"]
[BlackElo "2104"]
[PlyCount "89"]
[EventDate "2020.11.24"]
[EventType "swiss"]
[EventRounds "9"]
[EventCountry "SRB"]
[SourceTitle "CBM 199 Extra"]
[Source "ChessBase"]
[SourceDate "2021.01.31"]
[SourceVersion "1"]
[SourceVersionDate "2021.01.31"]
[SourceQuality "1"]

1. e4 c5 2. Nc3 d6 3. f4 Nc6 4. Nf3 g6 5. d3 Bg7 6. Be2 e6 7. 0-0 Nge7 8. Be3 Nd4 9. Qd2 0-0 10. Nd1 b5 11. c3 Nxe2+ 12. Qxe2 Bb7 13. Nf2 f5 14. Rad1 h6 15. c4 a6 16. Rfe1 Qc7 17. Bc1 Rae8 18. b3 e5 19. fxe5 dxe5 20. Bb2 f4 21. Ng4 Nc6 22. cxb5 axb5 23. Qc2 Qb6 24. Kh1 h5 25. Nf2 Nb4 26. Qb1 Nc6 27. Rc1 c4 28. Re2 cxb3 29. axb3 Bf6 30. Nh3 Qd8 31. Rec2 Qxd3 32. Nhg5 Nb4 33. Ba3 Nxc2 34. Bxf8 Rxf8 35. Qxc2 Qxc2 36. Rxc2 Rc8 37. Rxc8+ Bxc8 38. Kg1 Kf8 39. Nh7+ Ke7 40. Nxf6 Kxf6 41. h4 b4 42. Ne1 Bb7 43. Nd3 Bxe4 44. Nxb4 Bf5 45. Na6 0-1

[Event "Vojvodina-ch 6th"]
[Site "Novi Sad"]
[Date "2015.07.29"]
[Round "7"]
[White "Stojkovic, Nenad P"]
[Black "Banovic, Ivan"]
[Result "1-0"]
[WhiteElo "2096"]
[BlackElo "2199"]
[PlyCount "61"]
[EventDate "2015.07.25"]
[EventType "swiss"]
[EventRounds "9"]
[EventCountry "YUG"]
[SourceTitle "EXT 2017"]
[Source "ChessBase"]
[SourceDate "2016.10.25"]
[SourceVersion "1"]
[SourceVersionDate "2016.10.25"]
[SourceQuality "1"]

1. Nf3 Nf6 2. d4 g6 3. g3 Bg7 4. Bg2 0-0 5. c4 d6 6. 0-0 Nc6 7. Nc3 a6 8. b3 Rb8 9. Bb2 b5 10. cxb5 axb5 11. Rc1 b4 12. Na4 Na5 13. Qc2 c6 14. Nd2 Ba6 15. Rfe1 Bb5 16. e4 Nd7 17. e5 Nb6 18. Nxb6 Qxb6 19. Ne4 dxe5 20. dxe5 Nb7 21. e6 f6 22. a4 bxa3 23. Bxa3 Qc7 24. Nc3 Nd6 25. Rcd1 Rfd8 26. Nxb5 Nxb5 27. Bc5 f5 28. Rd7 Rxd7 29. exd7 e5 30. Qc4+ Kh8 31. Qe6 1-0